000 00360nam a2200145Ia 4500
008 230917s9999||||xx |||||||||||||| ||und||
040 _e45927
_aMAIN
041 _aEnglish
082 _a822.09 E78P
100 _aElson, John
245 0 _aPost-war British theatre
260 _aLondon
_bRoutledge & Kegan Paul
_c1979
300 _aviii, 232 p.
942 _cBK
999 _c205413
_d205413